It looks like you're offline.
Open Library logo
additional options menu

MARC record from Internet Archive

LEADER: 01537cam 2200445 a 4500
001 ocm13273400
003 OCoLC
005 20220905064629.0
008 860308s1985 nyua 000 0 eng d
040 $aDVA$beng$cDVA$dBTCTA$dUW1$dYDXCP$dXFG$dOCLCQ$dOCLCF$dOCLCQ$dOCL$dOCLCO$dOCLCQ$dERD$dOCLCQ$dOCLCO$dOCLCQ
019 $a993323922
020 $a0486249549$q(pbk.)
020 $a9780486249544$q(pbk.)
035 $a(OCoLC)13273400$z(OCoLC)993323922
050 4 $aNC910$b.C396r
082 04 $a741.973
100 1 $aCensoni, Bob.
245 10 $aReady to use Christmas silhouettes :$bcopyright-free designs, printed on one side, hundreds of uses /$cBob Censoni.
260 $aNew York :$bDover,$c1985.
300 $a32 pages :$ball illustrations ;$c28 cm
336 $atext$btxt$2rdacontent
337 $aunmediated$bn$2rdamedia
338 $avolume$bnc$2rdacarrier
490 0 $aDover clip-art series
500 $aCover design by Ted Menten.
650 0 $aSilhouettes.
650 0 $aChristmas in art.
650 6 $aSilhouettes.
650 6 $aNoël dans l'art.
650 7 $asilhouettes.$2aat
650 7 $aChristmas in art.$2fast$0(OCoLC)fst00859826
650 7 $aSilhouettes.$2fast$0(OCoLC)fst01118580
650 07 $aCommercial art.$2sears
650 07 $aChristmas decorations.$2sears
938 $aBaker and Taylor$bBTCP$nbl 99772589
938 $aYBP Library Services$bYANK$n433773
029 1 $aAU@$b000010706502
029 1 $aNZ1$b3750714
994 $aZ0$bIME
948 $hNO HOLDINGS IN IME - 59 OTHER HOLDINGS